[Event "CYCC U12"]
[Site "Vancouver CAN"]
[Date "1999.07.02"]
[Round "4"]
[White "Gushuliak, Justin"]
[Black "Feoktistov, Dmitri"]
[Result "1-0"]
[WhiteElo "2051"]
[BlackElo "1947"]
[PlyCount "71"]
[GameId "2160767911743231"]
[EventDate "1999.07.01"]
[EventType "swiss"]
[EventRounds "5"]
[EventCountry "CAN"]
[SourceTitle "CFC 1999.08"]
[Source "CFC"]
[SourceDate "1999.08.??"]
[SourceVersionDate "1999.08.??"]
[SourceQuality "1"]

1. e4 c6 2. d4 d5 3. e5 Bf5 4. Ne2 e6 5. Ng3 Bg6 6. h4 h6 7. h5 Bh7 8. Bd3 Bxd3 9. Qxd3 Qb6 10. Nc3 Nd7 11. Be3 c5 12. dxc5 Bxc5 13. Bxc5 Qxc5 14. f4 a6 15. O-O-O O-O-O 16. Nge4 dxe4 17. Nxe4 Qc7 18. Nd6+ Kb8 19. Nxf7 Ne7 20. Nxh8 Nd5 21. Ng6 Nc5 22. Qd4 Rc8 23. Rd2 Qa5 24. Kb1 b5 25. Rh3 Ne4 26. Rdd3 Rc4 27. Qg1 Nb4 28. a3 Nxc2 29. Qd1 Rc8 30. Ne7 Rc7 31. Rd8+ Kb7 32. Rd7 Nc5 33. Rxc7+ Qxc7 34. Ng6 b4 35. Qxc2 b3 36. Rxb3+ 1-0

[Event "CYCC U12"]
[Site "Vancouver CAN"]
[Date "1999.07.02"]
[Round "4"]
[White "Kazakevich, Anastasia"]
[Black "Lee, Jason"]
[Result "0-1"]
[WhiteElo "1528"]
[BlackElo "1798"]
[PlyCount "101"]
[GameId "2160767911743232"]
[EventDate "1999.07.01"]
[EventType "swiss"]
[EventRounds "5"]
[EventCountry "CAN"]
[SourceTitle "Albertabase"]
[SourceDate "2003.08.17"]
[SourceVersion "1"]
[SourceVersionDate "2003.08.17"]
[SourceQuality "1"]

1. d4 Nf6 2. c4 g6 3. Nc3 Bg7 4. e4 d6 5. Nf3 Nbd7 6. Be3 b6 7. Bd3 c5 8. d5 Ng4 9. Bd2 Ba6 10. h3 Nge5 11. Nxe5 Nxe5 12. Qe2 Nxd3+ 13. Qxd3 Bc8 14. O-O-O Bd7 15. f4 Qc7 16. Rde1 O-O-O 17. f5 e6 18. g4 exf5 19. exf5 Rde8 20. Bf4 Be5 21. Bxe5 Rxe5 22. Rxe5 dxe5 23. fxg6 hxg6 24. d6 Qc6 25. Re1 f5 26. Rxe5 Qh1+ 27. Qd1 Rxh3 28. gxf5 gxf5 29. Qxh1 Rxh1+ 30. Kd2 Kb7 31. Ne2 Rh6 32. Ng3 Rxd6+ 33. Ke3 Re6 34. Kf4 Rd6 35. Nxf5 Bxf5 36. Kxf5 Rd2 37. b3 Rxa2 38. Re3 Ka6 39. Ke4 Ka5 40. Kd5 Kb4 41. Kc6 Ra3 42. Kb7 Rxb3 43. Re4 Ra3 44. Rf4 Ra4 45. Re4 Kc3 46. Rh4 Kb3 47. Rg4 Rxc4 48. Rg3+ Rc3 49. Rg6 b5 50. Kxa7 b4 51. Kb6 0-1

[Event "CYCC U12"]
[Site "Vancouver CAN"]
[Date "1999.07.02"]
[Round "5"]
[White "Buscar, Michael"]
[Black "Gushuliak, Justin"]
[Result "1/2-1/2"]
[WhiteElo "2001"]
[BlackElo "2051"]
[PlyCount "60"]
[GameId "2160767911743233"]
[EventDate "1999.07.01"]
[EventType "swiss"]
[EventRounds "5"]
[EventCountry "CAN"]

1. e4 c5 2. Nf3 Nc6 3. d4 cxd4 4. Nxd4 Nf6 5. Nc3 d6 6. f3 g6 7. Be3 Bg7 8. Qd2 O-O 9. O-O-O Bd7 10. g4 Ne5 11. h4 Rc8 12. Be2 Nc4 13. Bxc4 Rxc4 14. h5 Qa5 15. Nb3 Qa6 16. Kb1 Rfc8 17. hxg6 fxg6 18. Bh6 Bxh6 19. Qxh6 Rxc3 20. bxc3 Rxc3 21. e5 Rxc2 22. Kxc2 Qxa2+ 23. Kc3 Ba4 24. exf6 Qxb3+ 25. Kd2 Qc2+ 26. Ke1 Qxd1+ 27. Kf2 Qd4+ 28. Kg2 Qb2+ 29. Kg1 Qd4+ 30. Kg2 Qb2+ 1/2-1/2

[Event "CYCC U12"]
[Site "Vancouver CAN"]
[Date "1999.07.02"]
[Round "5"]
[White "Keshet, Ilan"]
[Black "Kazakevich, Anastasia"]
[Result "1/2-1/2"]
[WhiteElo "1364"]
[BlackElo "1528"]
[PlyCount "64"]
[GameId "2160767911743234"]
[EventDate "1999.07.01"]
[EventType "swiss"]
[EventRounds "5"]
[EventCountry "CAN"]
[SourceTitle "Albertabase"]
[SourceDate "2003.08.17"]
[SourceVersion "1"]
[SourceVersionDate "2003.08.17"]
[SourceQuality "1"]

1. e4 d5 2. exd5 Qxd5 3. Nc3 Qa5 4. Bc4 Nf6 5. Nf3 Bg4 6. d3 e6 7. h3 Bh5 8. Bd2 Bb4 9. a3 Bxc3 10. Bxc3 Qb6 11. Bd4 Qc6 12. a4 a6 13. O-O Nbd7 14. b4 Bxf3 15. Qxf3 Qxf3 16. gxf3 O-O 17. b5 axb5 18. axb5 Nd5 19. Be3 Nxe3 20. fxe3 Nb6 21. Bb3 Nd5 22. Bxd5 exd5 23. e4 dxe4 24. fxe4 b6 25. d4 Ra5 26. Rxa5 bxa5 27. Ra1 Ra8 28. Ra4 f6 29. c4 Kf7 30. Kf2 g5 31. c5 Ke7 32. Ke3 h5 1/2-1/2

[Event "CYCC U14"]
[Site "Vancouver CAN"]
[Date "1999.07.02"]
[Round "4"]
[White "Divljan, Igor"]
[Black "Zambo, Victor"]
[Result "0-1"]
[WhiteElo "2189"]
[BlackElo "2203"]
[PlyCount "106"]
[GameId "2160767911743235"]
[EventDate "1999.07.01"]
[EventType "swiss"]
[EventRounds "5"]
[EventCountry "CAN"]

1. d4 Nf6 2. c4 e6 3. Nc3 Bb4 4. Qc2 c5 5. dxc5 O-O 6. Bg5 Bxc5 7. e3 h6 8. Bh4 b6 9. Nf3 Bb7 10. Be2 Nc6 11. a3 Rc8 12. O-O Be7 13. b4 a6 14. Rfd1 Qc7 15. Bg3 d6 16. h3 Rfd8 17. Rac1 Bf8 18. Qb2 Qe7 19. Bh4 g5 20. Bg3 Bg7 21. Qd2 d5 22. cxd5 Nxd5 23. Nxd5 Rxd5 24. Qa2 Rxd1+ 25. Rxd1 Rd8 26. Qb3 b5 27. Kh2 Rd7 28. Rxd7 Qxd7 29. a4 bxa4 30. Qxa4 Ne5 31. Qxd7 Nxd7 32. Bd6 Bc3 33. Nd4 Nf6 34. Bf3 Bxf3 35. gxf3 Bxd4 36. exd4 Nd5 37. Kg2 Kg7 38. Kg1 Kf6 39. Kf1 Kf5 40. Kg2 Nf4+ 41. Kh2 h5 42. Bc5 Nd3 43. Kg3 h4+ 44. Kg2 Ne1+ 45. Kf1 Nxf3 46. Kg2 Ne1+ 47. Kf1 Nd3 48. Kg2 e5 49. d5 Nf4+ 50. Kh2 Nxd5 51. Kg2 Nf4+ 52. Kh2 Nd3 53. f3 a5 0-1

[Event "CYCC U14"]
[Site "Vancouver CAN"]
[Date "1999.07.02"]
[Round "4"]
[White "Wang, Hao Yuan"]
[Black "Lentini, Joseph"]
[Result "0-1"]
[WhiteElo "2034"]
[BlackElo "1942"]
[PlyCount "148"]
[GameId "2160767911743236"]
[EventDate "1999.07.01"]
[EventType "swiss"]
[EventRounds "5"]
[EventCountry "CAN"]
[SourceTitle "CFC 1999.08"]
[Source "CFC"]
[SourceDate "1999.08.??"]
[SourceVersionDate "1999.08.??"]
[SourceQuality "1"]

1. d4 Nf6 2. Nf3 d5 3. g3 e6 4. Bg2 Bd6 5. O-O O-O 6. c4 c6 7. b3 b6 8. Bb2 Ba6 9. Nfd2 Nbd7 10. e4 e5 11. exd5 cxd5 12. Re1 exd4 13. Bxd4 Rc8 14. cxd5 Nc5 15. Nc4 Bxc4 16. bxc4 Nb7 17. Nd2 Na5 18. Bh3 Rc7 19. Qa4 Nd7 20. Bxd7 Qxd7 21. Qxd7 Rxd7 22. Bc3 Nb7 23. Ne4 Rc8 24. Nd2 b5 25. Rac1 bxc4 26. Be5 Bb4 27. Bc3 Ba3 28. Rb1 Nd6 29. Nf3 f6 30. Nd4 Nf7 31. Nc6 h6 32. Rb5 Bf8 33. Ra5 Rcc7 34. Rc1 Nd8 35. Nd4 Bc5 36. Ra4 Nb7 37. Ne6 Rc8 38. Rd1 Nd6 39. Kg2 Bb6 40. Nf4 Bxf2 41. Nh5 Ne4 42. Ba1 Bb6 43. Re1 Rxd5 44. Rxe4 Rxh5 45. Rexc4 Rxc4 46. Rxc4 Ra5 47. a4 Rc5 48. Re4 Rc1 49. a5 Bc5 50. Ra4 Rc2+ 51. Kh3 Bg1 52. Bd4 Rxh2+ 53. Kg4 Bxd4 54. Rxd4 Ra2 55. Rd5 Ra3 56. Kf4 Kh7 57. g4 Kg6 58. Rc5 Ra4+ 59. Kf3 Ra1 60. Kg3 a6 61. Kf4 Kf7 62. Rc7+ Kg6 63. Rc5 Kh7 64. Kg3 Ra3+ 65. Kf4 g5+ 66. Kf5 Rf3+ 67. Ke6 Kg6 68. Rc6 h5 69. gxh5+ Kxh5 70. Rxa6 g4 71. Ra8 g3 72. Rh8+ Kg4 73. Rg8+ Kh3 74. a6 Ra3 0-1

[Event "CYCC U16"]
[Site "Vancouver CAN"]
[Date "1999.07.01"]
[Round "1"]
[White "Wilson, Jonathan"]
[Black "Lipnowski, Samuel"]
[Result "0-1"]
[WhiteElo "1618"]
[BlackElo "2030"]
[PlyCount "62"]
[GameId "2160767911743238"]
[EventDate "1999.07.01"]
[EventType "swiss"]
[EventRounds "5"]
[EventCountry "CAN"]

1. e4 c5 2. Nf3 e6 3. d4 cxd4 4. Nxd4 a6 5. Nc3 Qc7 6. Bd3 Nc6 7. Nf3 Nf6 8. Bg5 Be7 9. Qd2 O-O 10. O-O-O b5 11. h4 Bb7 12. h5 h6 13. Bf4 d6 14. e5 dxe5 15. Bxh6 Nb4 16. Qg5 Nxd3+ 17. Rxd3 Ne8 18. Qg4 Kh8 19. Bg5 b4 20. Bxe7 Qxe7 21. h6 g6 22. Ne4 f5 23. Qxg6 fxe4 24. Nxe5 exd3 25. Qxd3 Qg5+ 26. Kb1 Qxe5 27. Qg6 Rc8 28. f3 Rg8 29. Qf7 Rc7 30. f4 Rxf7 31. fxe5 Rxg2 0-1

[Event "CYCC U16"]
[Site "Vancouver CAN"]
[Date "1999.07.01"]
[Round "2"]
[White "Reddy, Tyler"]
[Black "Lipnowski, Samuel"]
[Result "1-0"]
[WhiteElo "2174"]
[BlackElo "2030"]
[PlyCount "61"]
[GameId "2160767911743240"]
[EventDate "1999.07.01"]
[EventType "swiss"]
[EventRounds "5"]
[EventCountry "CAN"]

1. c4 e5 2. g3 Nc6 3. Bg2 Nf6 4. Nc3 Bb4 5. Nd5 O-O 6. e3 a5 7. Ne2 Re8 8. O-O d6 9. a3 Bc5 10. Ndc3 Bg4 11. h3 Bh5 12. g4 Bg6 13. d4 Ba7 14. b4 Qd7 15. b5 Nd8 16. Ng3 exd4 17. exd4 h6 18. g5 hxg5 19. Bxg5 Nh7 20. Bxd8 Raxd8 21. Kh2 Ng5 22. f4 Ne6 23. f5 Nxd4 24. fxg6 fxg6 25. Bd5+ Kh8 26. Qg4 Qxg4 27. hxg4 Re3 28. Kg2 Ne6 29. Nce4 Re8 30. Rh1+ Kg8 31. Ng5 1-0

[Event "CYCC U16"]
[Site "Vancouver CAN"]
[Date "1999.07.01"]
[Round "3"]
[White "Lipnowski, Samuel"]
[Black "Krys, Mark"]
[Result "1-0"]
[WhiteElo "2030"]
[BlackElo "1791"]
[PlyCount "103"]
[GameId "2160767911743241"]
[EventDate "1999.07.01"]
[EventType "swiss"]
[EventRounds "5"]
[EventCountry "CAN"]

1. e4 c5 2. Nf3 Nc6 3. d4 cxd4 4. Nxd4 Nf6 5. Nc3 e5 6. Ndb5 d6 7. Bg5 a6 8. Na3 Be7 9. Bxf6 Bxf6 10. Nc4 Be7 11. Nd5 Be6 12. Nxe7 Kxe7 13. Ne3 Rc8 14. c3 Qd7 15. Qd2 Rhd8 16. Bc4 Bxc4 17. Nxc4 Qc7 18. Ne3 Kf8 19. Nd5 Qb8 20. Nb6 Rc7 21. Rd1 Re7 22. O-O Re6 23. Rfe1 Rg6 24. Re3 Ne7 25. Rd3 Qc7 26. Nd5 Nxd5 27. Rxd5 Qd7 28. f3 Rh6 29. Rxe5 Re8 30. Rxe8+ Qxe8 31. Qf4 Qe7 32. Rd5 Re6 33. Qd2 h6 34. Qe3 Re5 35. Qd4 Rxd5 36. Qxd5 f6 37. Kf2 g5 38. Ke3 Kg7 39. Kd3 h5 40. c4 Kg6 41. b4 Qe5 42. Qxe5 dxe5 43. c5 Kf7 44. Kc4 Ke6 45. a4 g4 46. b5 axb5+ 47. Kxb5 gxf3 48. gxf3 Kd7 49. Kb6 Kc8 50. c6 bxc6 51. Kxc6 Kb8 52. Kd6 1-0

[Event "CYCC U16"]
[Site "Vancouver CAN"]
[Date "1999.07.02"]
[Round "4"]
[White "Lipnowski, Samuel"]
[Black "Rajchel, John"]
[Result "1-0"]
[WhiteElo "2030"]
[BlackElo "1781"]
[PlyCount "91"]
[GameId "2160767911743243"]
[EventDate "1999.07.01"]
[EventType "swiss"]
[EventRounds "5"]
[EventCountry "CAN"]

1. c4 e5 2. g3 c6 3. Bg2 d5 4. cxd5 cxd5 5. d3 Nf6 6. Bg5 Be7 7. Bxf6 Bxf6 8. Qb3 d4 9. Bxb7 Bxb7 10. Qxb7 Nd7 11. Qb3 Qa5+ 12. Kf1 O-O 13. Na3 Rab8 14. Qc2 Rfc8 15. Nc4 Qd5 16. f3 Nb6 17. b3 Nxc4 18. bxc4 Qb7 19. Nh3 Rc6 20. Kf2 Rb6 21. Rhc1 Be7 22. c5 Rc6 23. Rab1 Qc7 24. Rxb8+ Qxb8 25. Rb1 Qc8 26. Kg2 Bxc5 27. Rc1 Rc7 28. Qb3 Be7 29. Rxc7 Qxc7 30. Qd5 h6 31. Nf2 Kh7 32. Qxf7 Bd6 33. Qxc7 Bxc7 34. Ne4 g5 35. Kf2 Kg6 36. Ke1 Kf5 37. h3 h5 38. Nf2 h4 39. gxh4 gxh4 40. Ne4 Kf4 41. Kf2 a5 42. Nf6 Bd8 43. Nd5+ Kf5 44. e4+ Ke6 45. f4 exf4 46. Kf3 1-0

[Event "CYCC U16"]
[Site "Vancouver CAN"]
[Date "1999.07.02"]
[Round "5"]
[White "Sadoway, Steven"]
[Black "Lipnowski, Samuel"]
[Result "1-0"]
[WhiteElo "1865"]
[BlackElo "2030"]
[PlyCount "71"]
[GameId "2160767911743244"]
[EventDate "1999.07.01"]
[EventType "swiss"]
[EventRounds "5"]
[EventCountry "CAN"]

1. e4 c5 2. Nf3 e6 3. d4 cxd4 4. Nxd4 a6 5. Nc3 Qc7 6. a3 Nf6 7. Be3 b5 8. Bd3 Bb7 9. O-O Be7 10. f4 d6 11. Qf3 Nbd7 12. Kh1 O-O 13. g4 Nc5 14. g5 Nfd7 15. Rg1 Rac8 16. Rg3 Rfe8 17. Rh3 Qb8 18. Rg1 Qa8 19. Nde2 f5 20. gxf6 Nxf6 21. Ng3 d5 22. Nh5 dxe4 23. Rxg7+ Kf8 24. Nxf6 Bxf6 25. Rf7+ Kxf7 26. Qh5+ Kf8 27. Bxc5+ Rxc5 28. Qxc5+ Be7 29. Qe5 exd3+ 30. Kg1 Qa7+ 31. Kf1 Rd8 32. Qh8+ Kf7 33. Rxh7+ Kg6 34. Qg7+ Kf5 35. Rh5+ Kxf4 36. Qg3# 1-0

[Event "Cambridge op"]
[Site "Cambridge CAN"]
[Date "1999.04.03"]
[Round "3"]
[White "Clarke, Brian"]
[Black "Devisser, Paul"]
[Result "0-1"]
[WhiteElo "1549"]
[BlackElo "1521"]
[PlyCount "66"]
[GameId "2160767911805232"]
[EventDate "1999.04.02"]
[EventType "swiss"]
[EventRounds "5"]
[EventCountry "CAN"]
[SourceTitle "CFC 1999.08"]
[Source "CFC"]
[SourceDate "1999.08.??"]
[SourceVersionDate "1999.08.??"]
[SourceQuality "1"]

1. Nf3 Nf6 2. c4 g6 3. Nc3 Bg7 4. d4 d6 5. e4 Bg4 6. h3 Bxf3 7. Qxf3 Nc6 8. Be3 O-O 9. a3 e5 10. Rd1 exd4 11. Bxd4 Nxd4 12. Rxd4 Nd7 13. Rd1 Re8 14. Bd3 c6 15. O-O Ne5 16. Qg3 Rc8 17. f4 Qb6+ 18. Rf2 Nxd3 19. Qxd3 Rcd8 20. Re1 Bd4 21. Ree2 Bxf2+ 22. Rxf2 a6 23. h4 d5 24. cxd5 cxd5 25. Nxd5 Rxd5 26. Qxd5 Rd8 27. Qe5 Rd1+ 28. Kh2 Qxf2 29. Qe8+ Kg7 30. Qe5+ Kf8 31. Qb8+ Ke7 32. Qe5+ Kd7 33. Qf6 Qg1+ 0-1

[Event "Cambridge op"]
[Site "Cambridge CAN"]
[Date "1999.04.04"]
[Round "4"]
[White "Den Otter, Albert"]
[Black "Litchfield, Gerry"]
[Result "1-0"]
[WhiteElo "1605"]
[BlackElo "1735"]
[PlyCount "135"]
[GameId "2160767911805233"]
[EventDate "1999.04.02"]
[EventType "swiss"]
[EventRounds "5"]
[EventCountry "CAN"]
[SourceTitle "CFC 1999.08"]
[Source "CFC"]
[SourceDate "1999.08.??"]
[SourceVersionDate "1999.08.??"]
[SourceQuality "1"]

1. d4 d6 2. c4 g6 3. Nc3 Bg7 4. Nf3 Nf6 5. g3 O-O 6. Bg2 Nc6 7. O-O e5 8. d5 Ne7 9. e4 Nd7 10. Be3 f5 11. Ng5 Nf6 12. f4 h6 13. fxe5 dxe5 14. Ne6 Bxe6 15. dxe6 c6 16. Bc5 Qc7 17. Bd6 Qd8 18. exf5 gxf5 19. Bh3 Ng4 20. Bxg4 fxg4 21. Rxf8+ Qxf8 22. Qxg4 Qf5 23. Qh4 Ng6 24. Qe4 Qxe6 25. c5 Bf8 26. Rd1 Rd8 27. Bxf8 Rxd1+ 28. Nxd1 Kxf8 29. b3 Qd5 30. Qf5+ Kg7 31. Qc2 Qd4+ 32. Nf2 Ne7 33. a3 Nd5 34. Qe2 Ne3 35. Nd3 e4 36. Nf4 Nd5+ 37. Qf2 Qxf2+ 38. Kxf2 Nxf4 39. gxf4 Kf6 40. Ke3 Kf5 41. h3 h5 42. b4 b6 43. b5 bxc5 44. bxc6 Ke6 45. c7 Kd7 46. c8=Q+ Kxc8 47. Kxe4 Kd7 48. Kd5 c4 49. Kxc4 Ke6 50. Kd4 Kf5 51. Ke3 a6 52. a4 a5 53. Kf3 Kf6 54. Ke4 Ke6 55. f5+ Kf6 56. Kf4 Kf7 57. Kg5 Kg7 58. f6+ Kf7 59. Kf5 h4 60. Kg5 Kf8 61. Kxh4 Kf7 62. Kg5 Kf8 63. h4 Kf7 64. h5 Kf8 65. Kg6 Kg8 66. h6 Kh8 67. Kf7 Kh7 68. Ke8 1-0

[Event "Canada Day Active"]
[Site "Toronto CAN"]
[Date "1999.07.01"]
[Round "1"]
[White "Cohen, David"]
[Black "O'Connor, Michael"]
[Result "1-0"]
[WhiteElo "2047"]
[BlackElo "1837"]
[PlyCount "61"]
[GameId "2160767740584171"]
[EventDate "1999.07.01"]
[EventType "swiss (rapid)"]
[EventRounds "6"]
[EventCountry "CAN"]
[TimeControl "1800"]

1. e4 c5 2. Nf3 Nc6 3. d4 cxd4 4. Nxd4 Nf6 5. Nc3 e5 6. Ndb5 d6 7. Bg5 a6 8. Bxf6 gxf6 9. Na3 b5 10. Nd5 f5 11. Bd3 Be6 12. Qd2 Bg7 13. O-O-O O-O 14. Kb1 Rc8 15. f3 Kh8 16. h4 f4 17. Rdg1 f5 18. g3 Nd4 19. Qg2 Rg8 20. c3 Nc6 21. g4 Bxd5 22. exd5 Ne7 23. Qd2 fxg4 24. Rxg4 Nxd5 25. Bf5 Rc5 26. Rhg1 Ne3 27. Rg5 Nxf5 28. Rxf5 Qxh4 29. Qg2 Qe7 30. Rh5 h6 31. Rxh6+ 1-0

[Event "Canada Day Active"]
[Site "Toronto CAN"]
[Date "1999.07.01"]
[Round "2"]
[White "Perovic, Bozidar"]
[Black "Cohen, David"]
[Result "1-0"]
[WhiteElo "1924"]
[BlackElo "2047"]
[PlyCount "61"]
[GameId "2160767740584172"]
[EventDate "1999.07.01"]
[EventType "swiss (rapid)"]
[EventRounds "6"]
[EventCountry "CAN"]
[TimeControl "1800"]

1. d4 Nf6 2. c3 d5 3. Nf3 Bf5 4. e3 e6 5. Nh4 Bg6 6. Nxg6 hxg6 7. Bd3 Bd6 8. h3 Nbd7 9. Nd2 c6 10. e4 e5 11. exd5 cxd5 12. dxe5 Nxe5 13. Bb5+ Nc6 14. Qe2+ Kf8 15. Nf3 Qc7 16. Be3 Re8 17. O-O-O a6 18. Bxc6 bxc6 19. Qxa6 c5 20. Kb1 Ke7 21. Rhe1 Ne4 22. Bg5+ Kd7 23. Rxd5 f5 24. Red1 Rb8 25. Rxd6+ Nxd6 26. Ne5+ Ke6 27. Nc4 Rhe8 28. Qxd6+ Qxd6 29. Rxd6+ Kf7 30. Rd7+ Kg8 31. Ne3 {etc.} 1-0

[Event "Canada Day Active"]
[Site "Toronto CAN"]
[Date "1999.07.01"]
[Round "3"]
[White "McGrahan, Steve"]
[Black "Cohen, David"]
[Result "1-0"]
[WhiteElo "1924"]
[BlackElo "2047"]
[PlyCount "82"]
[GameId "2160767740584173"]
[EventDate "1999.07.01"]
[EventType "swiss (rapid)"]
[EventRounds "6"]
[EventCountry "CAN"]
[TimeControl "1800"]

1. d4 Nf6 2. c4 e6 3. g3 d5 4. Bg2 c6 5. cxd5 exd5 6. Qc2 Bd6 7. Nc3 O-O 8. Nf3 Re8 9. Bg5 h6 10. h4 Bg4 11. O-O-O Nbd7 12. Bh3 Bh5 13. Bxd7 Qxd7 14. Bxf6 gxf6 15. Qd2 Qg4 16. Qxh6 Bg6 17. h5 Bf8 18. Qd2 Bh7 19. Rh4 Qf5 20. g4 Qe6 21. Rg1 Kh8 22. g5 b5 23. g6 b4 24. Nd1 Qxe2 25. Qxe2 Rxe2 26. gxh7 Bh6+ 27. Kb1 Rae8 28. Rg8+ Kxh7 29. Rxe8 Rxe8 30. Rh1 Bf8 31. Re1 Rc8 32. Ne3 Kh6 33. Rc1 a5 34. b3 c5 35. Nxd5 Kxh5 36. Nxf6+ Kg6 37. Nd7 Rd8 38. Nxf8+ Rxf8 39. dxc5 Rc8 40. c6 Kf5 41. c7 Kf4 {etc.} 1-0

[Event "Canada Day Active"]
[Site "Toronto CAN"]
[Date "1999.07.01"]
[Round "4"]
[White "Cohen, David"]
[Black "Frilles, Ruperto"]
[Result "0-1"]
[WhiteElo "2047"]
[BlackElo "2078"]
[PlyCount "94"]
[GameId "2160767740584174"]
[EventDate "1999.07.01"]
[EventType "swiss (rapid)"]
[EventRounds "6"]
[EventCountry "CAN"]
[TimeControl "1800"]

1. e4 c6 2. d4 g6 3. Nc3 Bg7 4. Nf3 d6 5. Be3 Nf6 6. h3 b5 7. a3 a6 8. Bd3 Nbd7 9. O-O Bb7 10. Qd2 h6 11. Rad1 e5 12. dxe5 dxe5 13. Nh2 g5 14. Be2 O-O 15. Ng4 a5 16. b4 axb4 17. axb4 Nxg4 18. Bxg4 Nf6 19. Bf5 Qxd2 20. Rxd2 Ra3 21. Ne2 Bc8 22. Rfd1 Bxf5 23. exf5 Nd5 24. Bc5 Re8 25. Kf1 Bf8 26. Bxf8 Kxf8 27. c3 f6 28. Rc1 Rd8 29. Ke1 Ke7 30. g4 Rd6 31. f3 Ne3 32. Rxd6 Kxd6 33. Kd2 Nc4+ 34. Kd3 Ra2 35. Rc2 Ra1 36. Rc1 Ra2 37. Rc2 Ra8 38. Nc1 Rd8 39. Ke2 Ke7 40. Nd3 Nd6 41. Nc5 Nc4 42. Ra2 Nb6 43. Ra7+ Nd7 44. Ne4 Rf8 45. Rc7 Ra8 46. Rxc6 Ra2+ 47. Ke3 Ra8 {etc.} 0-1

[Event "Canada Day Active"]
[Site "Toronto CAN"]
[Date "1999.07.01"]
[Round "5"]
[White "Cohen, David"]
[Black "Lui, Tommy"]
[Result "1-0"]
[WhiteElo "2047"]
[BlackElo "1798"]
[PlyCount "69"]
[GameId "2160767740584175"]
[EventDate "1999.07.01"]
[EventType "swiss (rapid)"]
[EventRounds "6"]
[EventCountry "CAN"]
[TimeControl "1800"]

1. e4 e5 2. f4 exf4 3. Nf3 Nf6 4. Nc3 Nc6 5. d4 Bb4 6. Bd3 d6 7. Bxf4 Bg4 8. Be3 Qe7 9. O-O h5 10. Bf2 h4 11. Nd5 Nxd5 12. exd5 Nxd4 13. Bxd4 O-O-O 14. c3 Ba5 15. b4 Bb6 16. Bxb6 axb6 17. Qd2 Rde8 18. Nd4 g5 19. Bf5+ Bxf5 20. Nxf5 Qe5 21. Rae1 Qf6 22. Ne7+ Qxe7 23. Rxe7 Rxe7 24. Qxg5 Re5 25. Qg7 Rhe8 26. Qxf7 R5e7 27. Qf5+ Kb8 28. c4 Re2 29. Qg4 R2e4 30. Qg6 Re2 31. g4 h3 32. Qh5 Rg2+ 33. Kh1 Re3 34. Qxh3 Rxh3 35. Kxg2 {etc.} 1-0

[Event "Canada Day Active"]
[Site "Toronto CAN"]
[Date "1999.07.01"]
[Round "6"]
[White "Bortolotti, Guido"]
[Black "Cohen, David"]
[Result "1-0"]
[WhiteElo "1859"]
[BlackElo "2047"]
[PlyCount "75"]
[GameId "2160767740584176"]
[EventDate "1999.07.01"]
[EventType "swiss (rapid)"]
[EventRounds "6"]
[EventCountry "CAN"]
[TimeControl "1800"]

1. e4 c5 2. Nf3 Nc6 3. d4 cxd4 4. Nxd4 Nf6 5. Nc3 d6 6. Bc4 e6 7. a4 Be7 8. O-O O-O 9. Kh1 Nxe4 10. Nxe4 d5 11. Bf4 dxe4 12. Nxc6 bxc6 13. Qe2 Bf6 14. c3 Qb6 15. Rab1 a5 16. Qxe4 Ba6 17. Be3 c5 18. Rfd1 Bxc4 19. Qxc4 Rfc8 20. Rd2 Be7 21. Rbd1 Rd8 22. h3 h6 23. Rd7 Qxb2 24. Rxd8+ Rxd8 25. Rxd8+ Bxd8 26. Qxc5 Bf6 27. c4 Qa1+ 28. Kh2 Qxa4 29. Bd2 Qa2 30. Bxa5 Qb2 31. Bb6 Kh7 32. Qb5 Be5+ 33. g3 Qe2 34. Be3 Bc3 35. Qb1+ Kg8 36. Qb8+ Kh7 37. c5 Be1 38. Kg2 {etc.} 1-0

[Event "Canada Day op"]
[Site "Calgary CAN"]
[Date "1999.06.26"]
[Round "1"]
[White "Haynes, Nicolas"]
[Black "Ottosen, David"]
[Result "1/2-1/2"]
[WhiteElo "1650"]
[BlackElo "2100"]
[PlyCount "69"]
[GameId "2160767911743248"]
[EventDate "1999.06.26"]
[EventType "swiss"]
[EventRounds "5"]
[EventCountry "CAN"]
[SourceTitle "Albertabase"]
[SourceDate "2003.08.17"]
[SourceVersion "1"]
[SourceVersionDate "2003.08.17"]
[SourceQuality "1"]

1. d4 f5 2. Nf3 e6 3. g3 c6 4. Bg2 d5 5. O-O Bd6 6. b3 Qe7 7. a4 b6 8. Bf4 Bxf4 9. gxf4 Nd7 10. Nbd2 Bb7 11. c4 Ngf6 12. a5 O-O 13. Ne5 Nxe5 14. dxe5 Nd7 15. Nf3 c5 16. Ng5 Nxe5 17. cxd5 exd5 18. Bxd5+ Bxd5 19. Qxd5+ Nf7 20. axb6 Rad8 21. Qe6 Rde8 22. Qxe7 Rxe7 23. Nxf7 Kxf7 24. Rxa7 Rb8 25. Rc1 Rxb6 26. Rxe7+ Kxe7 27. Rxc5 Kf6 28. Rc3 Rb4 29. e3 h6 30. Kg2 g5 31. Rc6+ Kg7 32. Rc7+ Kg6 33. Rc6+ Kg7 34. Rc7+ Kg6 35. Rc6+ 1/2-1/2

[Event "Canada Day op"]
[Site "Calgary CAN"]
[Date "1999.06.26"]
[Round "2"]
[White "Ottosen, David"]
[Black "MacFie, Bob"]
[Result "1-0"]
[WhiteElo "2100"]
[BlackElo "1660"]
[PlyCount "91"]
[GameId "2160767911743249"]
[EventDate "1999.06.26"]
[EventType "swiss"]
[EventRounds "5"]
[EventCountry "CAN"]
[SourceTitle "Albertabase"]
[SourceDate "2003.08.17"]
[SourceVersion "1"]
[SourceVersionDate "2003.08.17"]
[SourceQuality "1"]

1. e4 d6 2. d4 Nf6 3. Nc3 g6 4. Nf3 Bg7 5. Be3 O-O 6. Bd3 Nbd7 7. Qd2 Ng4 8. Bg5 f6 9. Bh4 e5 10. h3 exd4 11. Nxd4 Nge5 12. Ne6 Nxd3+ 13. cxd3 Qe7 14. Nxf8 Nxf8 15. Nd5 Qd8 16. Qc3 g5 17. Qxc7 Be6 18. Qxd8 Rxd8 19. Bg3 Bxd5 20. exd5 f5 21. O-O-O f4 22. Bh2 Bd4 23. Rhf1 Ng6 24. g3 f3 25. g4 Ne5 26. Bg3 Rc8+ 27. Kb1 Rc5 28. Rfe1 Rb5 29. b3 a5 30. Re4 Rxd5 31. Kc2 Kf7 32. Rde1 Rc5+ 33. Kd1 Bc3 34. d4 Rd5 35. Bxe5 dxe5 36. R1e3 Bxd4 37. Rxf3+ Ke6 38. Ke1 Bc5 39. Rf5 h6 40. Ke2 Be7 41. Rf3 Bc5 42. Rc3 b6 43. f3 Rd8 44. Rd3 Bd4 45. Kd2 Rf8 46. Rdxd4 1-0

[Event "Canada Day op"]
[Site "Calgary CAN"]
[Date "1999.06.26"]
[Round "3"]
[White "Clark, Alan"]
[Black "Ottosen, David"]
[Result "0-1"]
[WhiteElo "1940"]
[BlackElo "2100"]
[PlyCount "102"]
[GameId "2160767911743250"]
[EventDate "1999.06.26"]
[EventType "swiss"]
[EventRounds "5"]
[EventCountry "CAN"]
[SourceTitle "Albertabase"]
[SourceDate "2003.08.17"]
[SourceVersion "1"]
[SourceVersionDate "2003.08.17"]
[SourceQuality "1"]

1. e4 e6 2. d4 d5 3. Nd2 c5 4. exd5 Qxd5 5. Ngf3 Nc6 6. Bc4 Qd6 7. O-O cxd4 8. Nb3 Nf6 9. Nbxd4 Nxd4 10. Nxd4 a6 11. Bg5 Qc7 12. Bb3 Bd6 13. Nf3 b5 14. Bh4 Bb7 15. Bg3 Bxg3 16. hxg3 O-O 17. Qe2 Rad8 18. Rad1 Qb6 19. c3 Ne4 20. Rd4 Rxd4 21. Nxd4 b4 22. Bc2 Nf6 23. Nf3 bxc3 24. bxc3 Qa5 25. c4 Qh5 26. Rb1 Bxf3 27. gxf3 Qc5 28. Kg2 Rc8 29. Qd3 g6 30. Bb3 Ne8 31. Rd1 Ng7 32. Qd2 Nf5 33. Rh1 Qd4 34. Qa5 Rc5 35. Qxa6 Nxg3 36. Qa8+ Kg7 37. fxg3 Qd2+ 38. Kf1 Re5 39. Qe4 Rxe4 40. fxe4 Qd3+ 41. Kf2 Qxe4 42. Rc1 Qd4+ 43. Ke2 Qe5+ 44. Kf2 Qc5+ 45. Kf3 f5 46. Rd1 Kf6 47. Rd2 h5 48. Rd3 g5 49. Rd2 Qe5 50. Re2 g4+ 51. Kg2 Qxe2+ 0-1